Maximum leadership : The world's leading CEOs share their five strategies for success

Bibliographic Details
Main Author: Farkas, Charles M.
Other Authors: Backer, Philippe De
Format: Book
Language:English
Published: Kuala Lumpur : Eastern Dragon Press , 1996
Subjects:

MARC

LEADER 00000cam a2200000 7i4500
001 0000008601
005 20161206.0
008 161201 my eng
020 |a 9838997463 
040 |a INS 
090 0 0 |a HD57.7   |b F37 1996 
100 1 |a Farkas, Charles M. 
245 1 0 |a Maximum leadership :   |b The world's leading CEOs share their five strategies for success   |c Charles M. Farkas, Philippe De Backer 
260 |a Kuala Lumpur :   |b Eastern Dragon Press ,   |c 1996 
300 |a xvi,287p. ;   |c 22cm. 
500 |a Includes index 
650 0 |a Leadership 
650 0 |a Success in business 
700 1 |a Backer, Philippe De 
999 |a 0000023137   |b BOOK   |c Open Shelf   |e Default branch